000 02473nam0a2200433 4500
001 RU\NLR\bibl\899076
005 20260406135305.0
010 _a5-352-01541-6
_97000
021 _aRU
_b2005-71128
_93503
035 _a(nilc)RSL-KNO-002765417
035 _a(NLR Aleph) 000887523
090 _a1697662
_c1697662
100 _a20051102d2005 |||y0rusy50 ca
101 1 _arus
_cger
102 _aRU
105 _ay |||||||||
106 _ar
200 1 _aОстроумие и его отношение к бессознательному
_fЗигмунд Фрейд
_g[пер. с нем. Р. Додельцева]
210 _aСПб.
_cАзбука-классика
_d2005
_gГУП Чехов. полигр. комб.
215 _a283, [2] с.
_d18
320 _aБиблиогр. в подстроч. примеч.
606 1 _aОстроумие
_xПсихоанализ
_92135849
_3RU\NLR\auth\661287935
610 0 _aПсихология -- История психологии -- История психологии в Австрии -- История психологии в новейшее время -- Психоанализ (фрейдизм) -- Фрейд Зигмунд (1856-1939) - психолог
610 0 _aПсихология -- Общая психология -- Психические процессы и состояния -- Познавательные процессы -- Мышление и речь -- Мышление -- Виды мышления и связанные с ними проблемы -- Наглядно-действенное мышление. Проблема практического интеллекта -- Качества мышления (ума)
610 0 _aПсихология -- Общая психология -- Психика и сознание -- Сознание - Понимание сознательного и бессознательного с позиций психоанализа
610 0 _aостроумие
686 _aЮ91(4А)6-736Фрейд З.,0
_2rubbk
686 _aЮ935.131-4,0
_2rubbk
686 _aЮ932.2-953.6,0
_2rubbk
686 _aЮ935.131-4
686 _aЮ91(4А)6-736.1
700 1 _4070
_7ca
_8rus
_aФрейд
_bЗ.
_f1856-1939
_gЗигмунд
_9112631
_3RU\NLR\AUTH\772621
801 0 _aRU
_bRuMoRKP
_c20051102
801 1 _aRU
_bRuMoRGB
_c20051102
801 2 _aRU
_bNLR
_c20060123
_grcr
942 _cBOOK
980 _aNB